| Tag |
First Indicator |
Second Indicator |
Subfields |
| LEADER |
00000cam a22000007i 4500 |
| 001 |
in00005485713 |
| 006 |
m o d |
| 007 |
cr |n|---uuuuu |
| 008 |
190801s2019 enk o ||| 0 eng d |
| 005 |
20240917171450.4 |
| 035 |
|
|
|a (OCoLC)on1119021788
|
| 040 |
|
|
|a UKAMD
|b eng
|c UKAMD
|d OCLCO
|d OCLCQ
|
| 035 |
|
|
|a (OCoLC)1119021788
|
| 049 |
|
|
|a TXAM
|
| 245 |
0 |
0 |
|a Address presented to Lachlan Macquarie on his return from Van Diemen's Land by the Inhabitants of New South Wales
|g 1821.
|
| 264 |
|
1 |
|a Marlborough, Wiltshire :
|b Adam Matthew Digital,
|c 2019.
|
| 300 |
|
|
|a 1 online resource.
|
| 336 |
|
|
|a text
|b txt
|2 rdacontent
|
| 337 |
|
|
|a computer
|b c
|2 rdamedia
|
| 338 |
|
|
|a online resource
|b cr
|2 rdacarrier
|
| 490 |
0 |
|
|a AM Scholar: Empire Studies.
|
| 500 |
|
|
|a Z A800.
|
| 520 |
8 |
|
|a Description: Congratulates Macquarie on his safe return to Sydney and records the hope that his services to the colony will receive the appreciation of the King.
|
| 534 |
|
|
|p Reproduction of:
|t Address presented to Lachlan Macquarie on his return from Van Diemen's Land by the Inhabitants of New South Wales
|c 13 Jul 1821.
|
| 535 |
1 |
|
|a State Library of New South Wales
|
| 542 |
|
|
|f Material sourced from the State Library of New South Wales
|
| 588 |
0 |
|
|a Description based on online resource (viewed on August 1, 2019).
|
| 655 |
|
7 |
|a Electronic books.
|2 local
|
| 710 |
2 |
|
|a Adam Matthew Digital (Firm),
|e digitiser.
|
| 856 |
4 |
0 |
|u http://proxy.library.tamu.edu/login?url=https://www.amscholar.amdigital.co.uk/Documents/Details/EmpireAndColonialAdministration_Reel8_Vol7
|z Connect to the full text of this electronic book
|t 0
|
| 936 |
|
|
|a BATCHLOAD
|
| 955 |
|
|
|a Adam Matthew Scholar Empire Studies
|
| 994 |
|
|
|a 92
|b TXA
|
| 999 |
f |
f |
|s 20a07d62-3d0e-4ad8-8d7a-fba6d2febb2d
|i ded51e51-4b45-4d3a-b263-88274c8c0930
|t 0
|
| 952 |
f |
f |
|a Texas A&M University
|b College Station
|c Electronic Resources
|d Available Online
|t 0
|h Library of Congress classification
|
| 998 |
f |
f |
|t 0
|l Available Online
|